Mas alla : ciencia ficción argentina /
Guardado en:
| Otros Autores: | |
|---|---|
| Formato: | Libro |
| Publicado: |
Buenos Aires :
Instituto Movilizador de Fondos Cooperativos,
1992
|
| Materias: | |
| Etiquetas: |
Agregar Etiqueta
Sin Etiquetas, Sea el primero en etiquetar este registro!
|
| LEADER | 01064nam a22002535a 4500 | ||
|---|---|---|---|
| 001 | CEM.cems003416 | ||
| 005 | 20100914104000.0 | ||
| 008 | 130507s1992##################000#0#####d | ||
| 003 | CEMS | ||
| 020 | |a 9509987166 | ||
| 082 | 0 | 4 | |a A868.4 |
| 245 | 0 | 0 | |a Mas alla : |b ciencia ficción argentina / |c Selección y Prólogo de Horacio Moreno |
| 260 | |a Buenos Aires : |b Instituto Movilizador de Fondos Cooperativos, |c 1992 | ||
| 300 | |a 126 p. | ||
| 505 | 0 | |a Una puerta se abre / Adolfo Bioy Casares -- Apocalipsis 3 / José Manuel López -- Cambio de guardia / Marisa Balhario -- La garra perpetua / Tarik Carson -- Los invasores del sábado / Fernando J. Cots -- La flota estelar / Rubén Tomasi -- Marina del silencio / Santiago Oviedo | |
| 653 | |a Literatura | ||
| 653 | |a Cuentos | ||
| 653 | |a Cuento contemporáneo | ||
| 653 | |a Literatura ciencia-ficción | ||
| 653 | |a Cuentos ciencia ficción | ||
| 653 | |a Literatura argentina | ||
| 653 | |a Cuento argentino | ||
| 700 | 1 | |a Moreno, Horacio, pról. | |
| 859 | |a CEMS |b BIB. CEMS - 11 de abril |h A868.4 |i In8-1 |p 16764.92 |t Ej.1 | ||
